| 000 | 00546njm a2200181 i 4500 | ||
|---|---|---|---|
| 001 | C2-0218234 | ||
| 003 | PPAK | ||
| 005 | 20180729152115.0 | ||
| 008 | 990724s1990 my |||| ||||| | may d | ||
| 040 |
_aPPAK _beng _cPPAK _erda |
||
| 245 | 0 | 0 | _aMajlis pelancaran buku The sultan was not alone |
| 264 | 1 |
_aAlor Setar, Kedah : _bPerbadanan Perpustakaan Awam Kedah , _c1990 |
|
| 336 |
_2rdacontent _atext |
||
| 337 |
_2rdamedia _aunmediated |
||
| 338 |
_2rdacarrier _avolume |
||
| 500 | _aDirakam pada 29/9/90 ; Tiada transkripsi | ||
| 942 |
_ddc _cB |
||
| 999 |
_c163144 _d163144 |
||